| 000 | 00351nam a2200145Ia 4500 | ||
|---|---|---|---|
| 008 | 230312s9999||||xx |||||||||||||| ||und|| | ||
| 020 | _a0-07-118182-2 | ||
| 082 |
_a005.1 _bPRE-S |
||
| 100 | _aSmith;Dori | ||
| 245 | 0 | _aJava for the world wide web | |
| 260 |
_bMcGraw Hill _aUSA _c2001 |
||
| 300 | _a860 | ||
| 650 |
_aComputer _vComputer |
||
| 942 | _cBK | ||
| 999 |
_c15323 _d15323 |
||